Atlas mira ukazatel' geografičeskich nazvanij

Salvato in:
Dettagli Bibliografici
Natura: Libro
Lingua:russo
Pubblicazione: Moskva Glavnoje upravlenije geodesii i kartografii 1968
Edizione:2. izd.
Tags: Aggiungi Tag
Nessun Tag, puoi essere il primo ad aggiungerne!!

MARC

LEADER 00000nam a2200000 4500
001 c121427
005 20250905121650.4
041 0 |a rus 
044 |a RU 
245 1 0 |a Atlas mira  |b ukazatel' geografičeskich nazvanij 
250 |a 2. izd. 
264 1 |a Moskva  |b Glavnoje upravlenije geodesii i kartografii  |c 1968 
300 |a 533 s.